000 00578nam a2200205 i 4500
001 95970
003 ES-MaACL
005 20230906181818.0
007 t|
008 050608s1972 sp ||||1| spa d
100 1 _aMachimbarrena, Juan.
_975184
245 1 0 _aInflación y deflación; El oro; El socialismo; Los judios /
_cJuan Machimbarrena.
250 _a2ª ed.
260 _aErgobia :
_b[s.n.],
_c1972 (
_fImp. Nerecan)
300 _a99 p. ;
_c22 cm.
740 3 _aEl oro.
740 3 _aEl socialismo.
740 4 _aLos judios.
852 _aES-MaACL
_jC-47334
_bR.83011
999 _c95970
_d95970